000 01010nam a22002417a 4500
005 20240530110528.0
008 160309s2012 ua a g b 000 0 ara d
017 _a2011/21439
_bمصر . دار الكتب المصرية
020 _a9789774102640
040 _aEG-CaGPL
082 0 4 _221
_a361.007\
_bع م
100 0 _aعبدالخالق محمد عفيفى
245 1 0 _aمنهجية تعليم و ممارسة المهارات المعاصرة للخدمة الاجتماعية /
_cعبدالخالق محمد عفيفى
250 _aط1
260 _aالقاهرة :
_bالمكتبة العصرية للنشر و التوزيع ،
_c2012 .
300 _a423 ص :
_bايض ؛
_c24 سم .
504 _aيشتمل على ارجاعات ببليوجرافية
650 0 4 _aالخدمة الاجتماعية
_xتعليم و تدريس
650 0 4 _aالارشاد الاجتماعى
650 0 4 _aخدمة الجماعة
942 _2ddc
_cBK
999 _c62029
_d62029